| 000 | 00586nam a2200169 a 4500 | ||
|---|---|---|---|
| 001 | 000045306 | ||
| 005 | 20201002050041.0 | ||
| 008 | 150302s1995 dr abc 000 0 spa d | ||
| 020 | _a9768052341 | ||
| 040 |
_aDO-SdBNP _bspa _cBNPH |
||
| 082 |
_axxxx _bxxxx |
||
| 245 | 0 | 0 |
_aDominicana : _bsensaciones y colores de la República Dominicana / _ceditores ; Lorenzo Martinengo, Ellis Pérez. |
| 260 |
_aSanto Domingo : _bAmber Publishing House, _c1995. |
||
| 300 |
_a195 p. : _bil., mapas retrs. ; _c31 cm. |
||
| 700 | 1 | 2 |
_aMartinengo, Lorenzo, _eed _973325 |
| 700 | 1 | 2 |
_aPérez, Ellis, _eed. _973326 |
| 999 |
_c44795 _d44795 |
||